Chasqui. Revista Latinoaméricana de Comunicación /

Por la influencia de las tecnologías, el mundo es cada vez más pequeño, pues las comunicaciones son instantáneas. En la sección ENTREVISTAS se publica la entrevista a Julián Marcelo, quién a través de una recuperación de Mac luhan de la Galaxia de Gutemberg plantea una serie de posibilidades y de ri...

Volledige beschrijving

Bibliografische gegevens
Coauteur: Centro Internacional de Estudios Superiores de Comunicación para América Latina (autor)
Formaat: Tijdschrift
Taal:Spanish
Gepubliceerd in: Quito: CIESPAL, Enero-Marzo de 1985.
Onderwerpen:
Online toegang:Revista digital

MARC

LEADER 00000cas a2200000 i 4500
003 Ucuenca
005 20230308201201.0
006 str|p r|||| 00| 0
007 ta
008 985052e1985 ec tr|p r||||||||| 0spa a
022 0 |a 1390-924X  |l digital 
022 0 |a 1390-1079  |l impreso 
024 4 0 |a https://doi.org/10.16921/chasqui.v0i13 
040 |b spa  |a UCuenca-cdrjbv  |c UCuenca  |e rda 
041 0 |a spa 
082 0 |2 21  |a 070.5  |b C386ch  |c 45344 
110 2 |a Centro Internacional de Estudios Superiores de Comunicación para América Latina.  |g CIESPAL  |e autor  |9 24618 
245 1 0 |a Chasqui.   |b Revista Latinoaméricana de Comunicación /   |c Centro Internacional de Estudios Superiores de Periodismo para América Latina. 
264 1 |a Quito:   |b CIESPAL,   |c Enero-Marzo de 1985. 
300 |a 92 páginas:   |b ilu  |c 28 cm 
310 |a cuat 
336 |2 rdacontent  |a texto  |b txt 
337 |2 rdamedia  |a no mediado  |b n 
338 |2 rdacarrier  |a volumen  |b nc 
362 0 |a Número 13 (enero-marzo 1985) 
504 |a ii 
505 1 |a A nuestros lectores -- Editorial: Las comunicaciones en el año 2000 -- De la Galaxia Gutenberg a la Galaxia Von Neumann (Entrevista a Julián Marcelo) -- Nuevas tecnologías de la comunicación, el caso brasileño -- Los periódicos en el año 2.000 -- Nuevas tecnologías de computación -- La televisión en el año 2.000 -- Los satélites y el futuro -- Desarrollo de telecomunicaciones en Brasil -- Controversia. Formación del comunicador y nuevas tecnologías -- Investigación: el caso africano -- Sentido de una reforma curricular -- Retiro de Estados Unidos de la Unesco -- Del departamento de Estado de los Estados Unidos, Washington, D.C. -- Bibliografía – Hemerografía. 
520 3 |a Por la influencia de las tecnologías, el mundo es cada vez más pequeño, pues las comunicaciones son instantáneas. En la sección ENTREVISTAS se publica la entrevista a Julián Marcelo, quién a través de una recuperación de Mac luhan de la Galaxia de Gutemberg plantea una serie de posibilidades y de riesgos que se abren a partir del desarrollo de las nuevas tecnologías de la información. En la sección CONTROVERSIA se trata sobre la formación del comunicador ante las nuevas tecnologías. Las ponencias presentadas en el Simposio Internacional " Las comunicaciones en el año 2000" al conmemorarse los 25 años de creación del CIESPAL son publicadas en ENSAYOS. En la sección INVESTIGACIÓN, se analiza las comunicación en Asia y África y en ENSEÑANZA se refiere a la reforma curricular en las escuelas de comunicación de Latinoamérica. 
650 1 0 |a Revista de Comunicación Social  |9 175063 
650 1 7 |2 UCuenca-cdrjbv  |a Comunicación  |9 328 
650 1 4 |a Periodismo  |9 635 
650 1 7 |2 UCuenca-cdrjbv  |a Prensa  |9 12200 
650 1 7 |2 UCuenca-cdrjbv  |a Medios de comunicación  |9 1132 
852 |a UC-CDJBV 
856 4 0 |u https://revistachasqui.org/index.php/chasqui/issue/viewIssue/13_1985/109  |z Revista digital 
942 |c SER  |z vanessa.morales@ucuenca.edu.ec  |2 ddc  |r paola.amaya@ucuenca.edu.ec 
999 |c 94307  |d 94307